000
00292nam a22000977a 4500
100
_a
बलराम
245
_a
बातों के बादशाह
260
_a
दिल्ली
_b
भावना प्राकशन
_c
2017
650
_a
साहित्य
942
_c
HIN
999
_c
64461
_d
64461